00870nam a2200229Ia 4500001000700000003000500007008004100012010001100053040000900064100002700073245012000100260003300220300001000253502018300263650001300446650001300459650001700472650002600489700004100515700004200556700004200598Z_5272CHAP220113s2005 xx 000 0 und d a168336 cCHAP aAngeles Cruz, Mauricio aEfecto del procesamiento físico del grano de maíz en la engorda intensiva de corderos /cMauricio Angeles Cruz aMéxico :bEl autor,c2005 a78 h. aTesis (Ingeniero Agrónomo Especialista en Zootecnia) -- UACh, 2005 \ Dirección: Carlos Sánchez del Real; asesoría: Carlos A. Apodaca Sarabia y Melitón Córdoba Alvarez aCereales 0aCorderos aGanado ovino aTipo de procesamiento a Apodaca Sarabia, Carlos A., asesor  a Córdoba Alvarez, Melitón, asesor aSánchez del Real, Carlos, director